00695cam a2200205 a 4500001001300000003000400013005001700017008004100034010001700075040001800092050001600110245008200126260007700208300002700285546001800312520008900330650002200419700003100441999001700472sa 68008755 DLC20260227112536.0970827s1964 ce 000 0 sin  asa 68008755  aDLCcDLCdDLC00aPK2856b.S400aSiṃhala kāvya saṅgrahaya :bMatara yugaya /cNi. Ba. Mā. Seneviratna. a[Koḷamba] :bLaṅkā Jātika Kautukāgāra Prakāśaka,c[1964] axxiv, 300 p. ;c25 cm. aIn Sinhalese. aCollection of poems written during the Matara period, ca. 1720 A.D. to ca. 1830 A.D. 0aSinhalese poetry.1 aSenaviratna, Ni. Ba. Mā. c82553d82553